000 00577cam a22002171 4500
001 af 48003016
003 DLC
005 20260227110859.0
008 801230s1946 be 000 0 fre c
010 _aaf 48003016
035 _a(OCoLC)7039883
040 _aCalifornia. Univ. Libr.
_cOCl
_dDLC
042 _apremarc
050 0 0 _aD761
_b.P74
082 _a940.5344
100 1 _aPrist, Paul,
_d1882-
245 1 3 _aLa France a-t-elle trahi?
260 _aBruxelles,
_bLa Renaissance du livre
_c[1946]
300 _a106 p.
_c18 cm.
650 0 _aWorld War, 1939-1945
_zFrance.
999 _c5355
_d5355